| 000 | 00585nam a2200157 i 4500 | ||
|---|---|---|---|
| 001 | 45156 | ||
| 003 | ES-MaACL | ||
| 005 | 20230906161151.0 | ||
| 007 | t| | ||
| 008 | 030325s1913 sp ||||1| spa d | ||
| 110 | 2 |
_aCírculo de la Unión Mercantil e Industrial (Madrid) _92827 |
|
| 245 | 1 | 0 |
_aMemoria presentada por la Junta de Gobierno el día 31 de enero de 1913 / _cCírculo de la Unión Mercantil e Industrial de Madrid. |
| 260 |
_aMadrid : _b[s.n.], _c1913. |
||
| 610 | 2 | 4 |
_aCírculo de la Unión Mercantil e Industrial (Madrid)- _vMemorias. _9150706 |
| 852 |
_aES-MaACL _jT-1336-F-4 |
||
| 999 |
_c45156 _d45156 |
||